|
|
|
|
| LEADER |
01058nam a2200265 a 4500 |
| 001 |
c000000900 |
| 003 |
CARM |
| 005 |
20001211164254.0 |
| 008 |
700120s1965 000 0 eng d |
| 019 |
1 |
|
|a 2540848
|z 27222986
|5 LACONCORD2021
|
| 035 |
|
|
|a (OCoLC)1286849
|5 LACONCORD2021
|
| 040 |
|
|
|a VCAV
|b eng
|c VCAV
|d XNTU
|
| 050 |
0 |
0 |
|a RC1210.W5 1965
|
| 082 |
0 |
4 |
|a 613.7
|
| 100 |
1 |
|
|a Williams, J. G. P.
|q (John Garrett Pascoe)
|
| 245 |
1 |
0 |
|a Medical aspects of sport and physical fitness /
|c [by] J. G. P. Williams.
|
| 250 |
|
|
|a [1st ed.].
|
| 260 |
|
|
|a Oxford ;
|a New York :
|b Pergamon Press,
|c [1965].
|
| 300 |
|
|
|a viii, 192 p :
|b illus ;
|c 20 cm.
|
| 440 |
|
4 |
|a The Commonwealth and international library: Physical education, health, and recreation division
|
| 504 |
|
|
|a Bibliography: p. 187.
|
| 650 |
|
0 |
|a Sports medicine.
|
| 852 |
8 |
|
|b CARM
|h A2:AD32F0
|i B00023
|p 0001592
|f BK
|
| 999 |
f |
f |
|i 382b6d79-330e-5ec4-beaa-d8374bb2c1c4
|s 040400fc-6381-5302-9ad8-8819134bb3ee
|
| 952 |
f |
f |
|p Can circulate
|a CAVAL
|b CAVAL
|c CAVAL
|d CARM 1 Store
|e B00023
|f A2:AD32F0
|h Other scheme
|i book
|m 0001592
|